000 00423nam a2200181Ia 4500
005 20250603145201.0
008 250603s9999 xx 000 0 und d
020 _a9789789281923
050 _aHB 171.5 .O46/
100 _aOlofin, S.O.
245 0 _aIntroduction to macroeconomics
260 _aIbadan, Nigeria
260 _bEvans
260 _c2014
300 _a417 p
650 _aIbadan, Nigeria
942 _cBK
999 _c41117
_d41117